<?xml version="1.0" encoding="UTF-8"?>
<record
    xmlns:xsi="http://www.w3.org/2001/XMLSchema-instance"
    xsi:schemaLocation="http://www.loc.gov/MARC21/slim http://www.loc.gov/standards/marcxml/schema/MARC21slim.xsd"
    xmlns="http://www.loc.gov/MARC21/slim">

  <leader>00826cam a22002171  4500</leader>
  <controlfield tag="001">f  01003088 </controlfield>
  <controlfield tag="003">DLC</controlfield>
  <controlfield tag="005">20260227111245.0</controlfield>
  <controlfield tag="008">870417m18991907ru ac         000 0dfre  </controlfield>
  <datafield tag="010" ind1=" " ind2=" ">
    <subfield code="a">f  01003088 </subfield>
  </datafield>
  <datafield tag="040" ind1=" " ind2=" ">
    <subfield code="a">DLC/ICU</subfield>
    <subfield code="c">ICU</subfield>
    <subfield code="d">DLC</subfield>
  </datafield>
  <datafield tag="050" ind1="0" ind2="0">
    <subfield code="a">QA3</subfield>
    <subfield code="b">.C48</subfield>
  </datafield>
  <datafield tag="100" ind1="1" ind2=" ">
    <subfield code="a">Chebyshev, P. L.</subfield>
    <subfield code="q">(Pafnuti&#x12D; L&#x2B9;vovich),</subfield>
    <subfield code="d">1821-1894.</subfield>
  </datafield>
  <datafield tag="245" ind1="1" ind2="0">
    <subfield code="a">&#x152;uvres de P.L. Tchebychef,</subfield>
    <subfield code="c">publi&#xE9;es par les soins de MM. A. Markoff et N. Sonin ...</subfield>
  </datafield>
  <datafield tag="260" ind1=" " ind2=" ">
    <subfield code="a">St. P&#xE9;tersbourg,</subfield>
    <subfield code="b">Commissionaires de l'Acad&#xE9;mie imp&#xE9;riale des sciences,</subfield>
    <subfield code="c">1899-1907.</subfield>
  </datafield>
  <datafield tag="300" ind1=" " ind2=" ">
    <subfield code="a">2 v.</subfield>
    <subfield code="b">fronts. (ports.) diagrs.</subfield>
    <subfield code="c">30 cm.</subfield>
  </datafield>
  <datafield tag="500" ind1=" " ind2=" ">
    <subfield code="a">Notice biographique par C.A. Poss&#xE9; traduit par Mme. C. Jossa: v. 2, vi p.</subfield>
  </datafield>
  <datafield tag="650" ind1=" " ind2="0">
    <subfield code="a">Mathematics.</subfield>
  </datafield>
  <datafield tag="700" ind1="1" ind2=" ">
    <subfield code="a">Markov, A. A.</subfield>
    <subfield code="q">(Andre&#x12D; Andreevich),</subfield>
    <subfield code="d">1856-1922,</subfield>
    <subfield code="e">ed.</subfield>
  </datafield>
  <datafield tag="700" ind1="1" ind2=" ">
    <subfield code="a">Sonin, N.,</subfield>
    <subfield code="d">1849-</subfield>
    <subfield code="e">ed.</subfield>
  </datafield>
  <datafield tag="999" ind1=" " ind2=" ">
    <subfield code="c">22998</subfield>
    <subfield code="d">22998</subfield>
  </datafield>
</record>
